Sports Quiz

Random Sports or NHL Quiz

NHL Playoff 20 points in one playoff Quiz Stats

 Plays Quiz not verified by Sporcle

Challenge
Share
Tweet
Embed
Score 0/246 Timer 20:00
1 Play Today
Points Player % Correct
27Alex Ovechkin
99.2%
21Sidney Crosby
99.2%
47Wayne Gretzky
98.3%
43Wayne Gretzky
98.3%
40Wayne Gretzky
98.3%
38Wayne Gretzky
98.3%
35Wayne Gretzky
98.3%
34Wayne Gretzky
98.3%
22Wayne Gretzky
98.3%
21Wayne Gretzky
98.3%
20Wayne Gretzky
98.3%
31Sidney Crosby
94.9%
27Sidney Crosby
94.9%
44Mario Lemieux
94.9%
34Mario Lemieux
94.9%
27Mario Lemieux
94.9%
27Sidney Crosby
94.7%
23Claude Lemieux
94.3%
28Evgeni Malkin
93.6%
34Mark Messier
91.8%
31Mark Messier
91.8%
30Mark Messier
91.8%
28Mark Messier
91.8%
26Mark Messier
91.8%
25Mark Messier
91.8%
21Mark Messier
91.8%
36Evgeni Malkin
91.7%
22Evgeni Malkin
91.7%
28Patrick Kane
89%
24Jaromir Jagr
88.4%
23Jaromir Jagr
88.4%
34Joe Sakic
87.7%
26Joe Sakic
87.7%
25Joe Sakic
87.7%
23Patrick Kane
87.5%
20Patrick Kane
87.2%
32Evgeny Kuznetsov
86.2%
29Jonathan Toews
85.9%
21Jonathan Toews
83.9%
24Brett Hull
83.8%
21Brett Hull
83.8%
23Nicklas Bäckström
83.8%
25Bobby Hull
83.8%
24Dennis Hull
83.7%
35Mike Bossy
81.8%
27Mike Bossy
81.8%
26Mike Bossy
81.8%
23Mike Bossy
81.8%
22Reilly Smith
81.5%
24Bobby Orr
81.1%
20Bobby Orr
81.1%
31Jari Kurri
80.4%
31Jari Kurri
80.4%
28Jari Kurri
80.4%
25Jari Kurri
80.4%
25Jari Kurri
80.4%
23Jari Kurri
80.4%
24Steve Yzerman
80.4%
23Steve Yzerman
80.4%
20Steve Yzerman
80.4%
24Martin St. Louis
80.4%
20Martin St. Louis
80.4%
27Peter Forsberg
80.1%
24Peter Forsberg
80.1%
21Peter Forsberg
80.1%
21Joe Thornton
78.6%
23Mike Modano
78%
23Mike Modano
78%
20Mike Modano
78%
22Henrik Sedin
77.5%
20Daniel Sedin
77.5%
37Paul Coffey
76.8%
22Paul Coffey
76.8%
27Henrik Zetterberg
75.7%
24Henrik Zetterberg
75.7%
26Brad Richards
73.3%
23Mike Richards
73.3%
23Pavel Datsyuk
72.9%
26Eric Lindros
72.7%
27Phil Esposito
72.5%
24Phil Esposito
72.5%
20Phil Esposito
72.5%
Points Player % Correct
28Eric Staal
72.3%
31Pavel Bure
72.2%
33Kevin Stevens
72.2%
28Kevin Stevens
72.2%
26Guy Lafleur
71.1%
23Guy Lafleur
71.1%
21Guy Lafleur
71.1%
29Bryan Trottier
70.4%
29Bryan Trottier
70.4%
29Bryan Trottier
70.4%
20Bryan Trottier
70.4%
20Gordie Howe
70.1%
25Raymond Bourque
70%
23Raymond Bourque
70%
21Raymond Bourque
70%
21Alex Ovechkin
69.8%
34Brian Leetch
69.3%
20Anze Kopitar
69%
22Daniel Alfredsson
69%
22Jarome Iginla
68.9%
23Phil Kessel
68.8%
20Wendel Clark
68.4%
26Anze Kopitar
68.1%
35Doug Gilmour
68%
28Doug Gilmour
68%
22Doug Gilmour
68%
21Doug Gilmour
68%
27Ron Francis
67.3%
26Marian Hossa
66.9%
23Patrik Elias
66.5%
20Patrik Elias
66.5%
21Blake Wheeler
66.2%
24Sergei Fedorov
64.8%
20Sergei Fedorov
64.8%
20Sergei Fedorov
64.8%
20Sergei Fedorov
64.8%
20Bobby Clarke
63.9%
21Jake Guentzel
63.8%
21Claude Giroux
63.2%
27Glenn Anderson
63.1%
26Glenn Anderson
63.1%
25Glenn Anderson
63.1%
22Glenn Anderson
63.1%
20Glenn Anderson
63.1%
25Jeff Carter
62.3%
20Ryan Getzlaf
62.3%
20Patrice Bergeron
61.9%
20Dustin Brown
61.7%
22Luc Robitaille
61.4%
28Cam Neely
61%
20Cam Neely
61%
34Mark Recchi
61%
20John Carlson
60%
22Jason Spezza
59.8%
22Dany Heatley
59.7%
23Joe Pavelski
59.1%
25Denis Potvin
58.7%
21Denis Potvin
58.7%
20Denis Potvin
58.7%
29Denis Savard
58.3%
22Denis Savard
58.3%
21Stan Mikita
58.1%
20Stan Mikita
58.1%
22Jeremy Roenick
57.9%
21Rod Brind'Amour
57.9%
21T.J. Oshie
56.9%
24Brent Burns
55.7%
25Bobby Smith
55.4%
21John LeClair
55.2%
23Milan Hejduk
54.8%
22Phil Kessel
54.2%
31Al MacInnis
53.6%
23Tyler Johnson
53.6%
20Adam Oates
53.5%
20Adam Oates
53.5%
23Peter Stastny
53%
21Duncan Keith
52.8%
21Joe Nieuwendyk
52.8%
20David Pastrnak
52.3%
20Mark Scheifele
52.3%
25Justin Williams
52.1%
25Trevor Linden
51.2%
Points Player % Correct
30Logan Couture
51.1%
30Danny Briere
50.6%
21Jon Marchessault
50%
22Patrick Sharp
49.6%
22Jean Beliveau
49.5%
23David Krejci
48.7%
21Chris Pronger
48%
21Marian Gaborik
47.2%
21Larry Robinson
46.1%
20Larry Robinson
46.1%
26David Krejci
46%
21Dino Ciccarelli
45.6%
21Jake Guentzel
45.5%
21Alex Kovalev
42.8%
21Michel Goulet
41.8%
23Johan Franzen
41.6%
22Nikita Kucherov
41.5%
29Brian Bellows
41.4%
22Mats Naslund
41.4%
23Larry Murphy
40.4%
24Joe Murphy
40.3%
20John Bucyk
40.3%
21Darryl Sittler
40.2%
21Gilbert Perreault
40.1%
24Reggie Leach
39.6%
22Steve Larmer
38.6%
22Steve Larmer
38.6%
21Chris Chelios
38.5%
21Bill Barber
37.9%
23Vincent Damphousse
37.5%
24Joe Mullen
37.4%
21Alex Tanguay
37.3%
27Esa Tikkanen
36.4%
24Esa Tikkanen
36.4%
20Esa Tikkanen
36.4%
28Brian Propp
36.4%
25Tim Kerr
36.4%
23Brian Propp
36.4%
23Brian Propp
36.4%
20Jason Arnott
36.4%
33Rick Middleton
35.8%
25Yvan Cournoyer
35.6%
22Yvan Cournoyer
35.6%
21Brent Sutter
35.3%
21Duane Sutter
35.3%
23Jacques Lemaire
35.2%
20Jacques Lemaire
35.2%
22Neal Broten
34.4%
31Craig Simpson
33.6%
21Rick Tocchet
33.4%
20Butch Goring
32.1%
22Petr Sykora
32%
21Bernie Federko
31.2%
27Frank Mahovlich
30.6%
23Frank Mahovlich
30.6%
21Stephane Richer
27.1%
22Rick MacLeish
26.7%
20Rick MacLeish
26.7%
22Valeri Kamensky
26.6%
22Valeri Kamensky
26.6%
27Dave Gagner
26.1%
20Brad Park
25.4%
32Barry Pederson
24.6%
22Craig Janney
24.5%
22Craig Janney
24.5%
25Tomas Sandström
23.8%
26Cory Stillman
22%
20Petr Nedved
20.4%
21Ville Leino
18.3%
25Ken Linseman
18.1%
22Ken Linseman
18.1%
20Ken Linseman
18.1%
20Ray Ferraro
17.5%
28Bob Bourne
17.1%
20Bob Bourne
17.1%
29Steve Payne
14.6%
20Charlie Huddy
14.6%
20Patrik Sundstrom
12.7%
27Pelle Eklund
11.3%
21Bob Probert
10.4%
20Don Maloney
9.4%
20Paul Holmgren
8.4%

You're not logged in!

Compare scores with friends on all Sporcle quizzes.
Join for Free
OR
Log In

You Might Also Like...

Show Comments

Extras

Editor's Pick Apr 24, 2017SourceReportNominate
Tags:NHL Quiz, player, playoff, point

Top Quizzes Today


Score Distribution

Your Account Isn't Verified!

In order to create a playlist on Sporcle, you need to verify the email address you used during registration. Go to your Sporcle Settings to finish the process.

Report this User

Report this user for behavior that violates our Community Guidelines.

Details: